Statistics for Taylor Swift - Breathe Lyrics

Click here to take the quiz!

General Stats

  • This quiz has been taken 72 times
  • The average score is 269 of 305

Answer Stats

Answer% Correct
a
100%
And
100%
and
100%
but
100%
But
100%
I
100%
you
100%
breathe
98%
Breathe
98%
can't
98%
have
98%
it
98%
no
98%
to
98%
we
98%
like
95%
my
95%
of
95%
without
95%
your
95%
It's
93%
it's
93%
know
93%
the
93%
The
93%
You're
93%
'Cause
90%
easy
90%
me
90%
Never
90%
never
90%
one
90%
only
90%
back
88%
for
88%
hand
88%
here
88%
in
88%
not
88%
that
88%
thing
88%
this
88%
as
86%
go
86%
mind
86%
simple
86%
thought
86%
what
86%
are
83%
break
83%
clean
83%
don't
83%
end
83%
just
83%
our
83%
save
83%
time
83%
all
81%
be
81%
face
81%
friend
81%
is
81%
see
81%
us
81%
way
81%
2
79%
after
79%
am
79%
away
79%
change
79%
drive
79%
feeling
79%
I'm
79%
lost
79%
none
79%
Now
79%
Oh
79%
people
79%
People
79%
say
79%
sometimes
79%
was
79%
doesn't
76%
from
76%
gonna
76%
minds
76%
out
76%
sorry
76%
ain't
74%
around
74%
Hope
74%
movie
74%
sad
74%
wanna
74%
wanted
74%
bring
71%
down
71%
Every
71%
hurt
71%
kind
71%
nothin'
71%
work
71%
ending
69%
fallout
69%
killing
69%
tragedy
69%
it'll
67%
little
67%
Mm
67%
mm
67%
music
67%
really
67%
road
67%
starts
67%
tried
67%
bump
64%
playing
64%
swerve
64%

Score Distribution

Percentile by Number Answered

Percent of People with Each Score

Your Score History

You have not taken this quiz